Русская романтическая повесть: сборник; Ревельский турнир; Испытание; Лафертовская маковница; Уедененный домик на Васильевском; Импровизатор; Opere del Cavaliere Giambattista Piranesi; Город без имени; Сильфида; Черная немочь; Эротида; Киевские ведьмы; Ятаган; Демон; Превращения голов в книги и книг в головы; Идеал; Нежданные гости; Вальтер Эйзенберг; Барон Рейхман; История двух калош; Портрет; Штосс
| その他の著者: | , |
|---|---|
| 言語: | ロシア語 |
| 出版事項: |
Москва, Советская Россия, 1980
|
| TOC: | А. А. Бестужев (Марлинский), Ревельский турнир; Испытание; А. А. Погорельский-Перовский, Лафертовская маковница; А. С. Пушкин, Уедененный домик на Васильевском; В. Ф. Одоевский, Импровизатор; Opere del Cavaliere Giambattista Piranesi; Город без имени; Сильфида; М. П. Погодин, Черная немочь; А. Ф. Вельтман, Эротида; О. М. Сомов, Киевские ведьмы; Н. Ф. Павлов, Ятаган; Демон; О. И. Сенковский, Превращения голов в книги и книг в головы; Е. А. Ган, Идеал; М. Н. Загоскин, Нежданные гости; К. С. Аксаков, Вальтер Эйзенберг; М. С. Жукова, Барон Рейхман; В. А. Сологуб, История двух калош; Н. В. Гоголь, Портрет; М. Ю. Лермонтов, Штосс; |
| 主題: | |
| フォーマット: | MixedMaterials 図書 |
| KOHA link: | https://koha.lib.tpu.ru/cgi-bin/koha/opac-detail.pl?biblionumber=262127 |
MARC
| LEADER | 00000nam0a2200000 4500 | ||
|---|---|---|---|
| 001 | 262127 | ||
| 005 | 20231101233626.0 | ||
| 035 | |a (RuTPU)RU\TPU\book\285109 | ||
| 090 | |a 262127 | ||
| 100 | |a 20140529d1980 m y0rusy50 ca | ||
| 101 | 0 | |a rus | |
| 102 | |a RU | ||
| 105 | |a y z 001ay | ||
| 200 | 1 | |a Русская романтическая повесть |e сборник |f сост. В. И. Сахаров ; авт. предисл. В. И. Сахаров ; П. С. Сацкий | |
| 210 | |a Москва |c Советская Россия |d 1980 | ||
| 215 | |a 672 с. | ||
| 320 | |a Вступительная статья: с. 5-42 | ||
| 320 | |a Примечания: с. 651-668 | ||
| 464 | |t Ревельский турнир; Испытание |o повести |f А. А. Бестужев (Марлинский) | ||
| 464 | |t Лафертовская маковница |o повесть |f А. А. Погорельский-Перовский | ||
| 464 | |t Уедененный домик на Васильевском |o повесть |f А. С. Пушкин | ||
| 464 | |t Импровизатор; Opere del Cavaliere Giambattista Piranesi; Город без имени; Сильфида |o повести |f В. Ф. Одоевский | ||
| 464 | |t Черная немочь |o повесть |f М. П. Погодин | ||
| 464 | |t Эротида |o повесть |f А. Ф. Вельтман | ||
| 464 | |t Киевские ведьмы |o повесть |f О. М. Сомов | ||
| 464 | |t Ятаган; Демон |o повести |f Н. Ф. Павлов | ||
| 464 | |t Превращения голов в книги и книг в головы |o повесть |f О. И. Сенковский | ||
| 464 | |t Идеал |o повесть |f Е. А. Ган | ||
| 464 | |t Нежданные гости |o повесть |f М. Н. Загоскин | ||
| 464 | |t Вальтер Эйзенберг |o повесть |f К. С. Аксаков | ||
| 464 | |t Барон Рейхман |o повесть |f М. С. Жукова | ||
| 464 | |t История двух калош |o повесть |f В. А. Сологуб | ||
| 464 | |t Портрет |o повесть |f Н. В. Гоголь | ||
| 464 | |t Штосс |o повесть |f М. Ю. Лермонтов | ||
| 606 | 1 | |a Русская литература, дореволюционная |2 stltpush |3 (RuTPU)RU\TPU\subj\26371 |9 50314 | |
| 610 | 1 | |a художественная литература | |
| 610 | 1 | |a повести | |
| 610 | 1 | |a русская литература | |
| 610 | 1 | |a 19 век | |
| 610 | 1 | |a романтизм | |
| 675 | |a Р1 |v 3 | ||
| 702 | 1 | |a Сахаров |b В. И. |4 220 | |
| 702 | 1 | |a Сахаров |b В. И. |4 080 | |
| 702 | 1 | |a Сацкий |b П. С. |4 040 | |
| 801 | 1 | |a RU |b 63413507 |c 20140529 | |
| 801 | 2 | |a RU |b 63413507 |c 20211111 |g RCR | |
| 942 | |c BK | ||